[Event "Superettan(Majorna-Solna)"]
[Site "?"]
[Date "2012.10.20"]
[Round "1"]
[White "Lindborg, Petter"]
[Black "Fors, Klas"]
[Result "1-0"]
[WhiteElo "2254"]
[BlackElo "2121"]
[PlyCount "145"]

1. d4 Nf6 2. Bg5 e6 3. e4 h6 4. Bxf6 Qxf6 5. Nc3 d6 6. Qd2 g6 7. f4 a6 8. O-O-O
Bg7 9. Nf3 Qe7 10. e5 d5 11. h4 h5 12. Rg1 Bf8 13. Kb1 Bd7 14. Ne2 Nc6 15. Nc1
Qb4 16. c3 Qb6 17. Ng5 Ne7 18. Nd3 Nf5 19. Qf2 Nh6 20. Be2 Bb5 21. Rge1 Bxd3+
22. Bxd3 c5 23. c4 O-O-O 24. Qc2 Kb8 25. dxc5 Bxc5 26. cxd5 Rxd5 27. Be4 Rdd8
28. Rf1 Be7 29. Rf3 Rxd1+ 30. Qxd1 Rd8 31. Rd3 Rxd3 32. Qxd3 Qg1+ 33. Kc2 Qf2+
34. Qd2 Qc5+ 35. Kb1 Qg1+ 36. Kc2 Qc5+ 37. Kd1 Ng4 38. Bf3 Ne3+ 39. Ke2 Qb5+
40. Qd3 Qxb2+ 41. Qd2 Qxd2+ 42. Kxd2 Nc4+ 43. Kc3 Bxg5 44. hxg5 Nb6 45. Kd4 Kc7
46. g3 Nd7 47. f5 Nf8 48. fxg6 Nxg6 49. Bxh5 Kc6 50. Bf3+ Kb6 51. Be4 Ne7 52.
Bf3 Kc7 53. Bh5 Ng6 54. Bf3 b5 55. a3 Kb6 56. Be4 a5 57. Bc2 a4 58. Bd3 Ka5 59.
Kc5 Nxe5 60. Bxb5 Nf3 61. g6 fxg6 62. Be2 Ng5 63. Bd3 e5 64. Bxg6 Ne6+ 65. Kd5
Nc7+ 66. Kxe5 Nb5 67. Bf7 Nxa3 68. g4 Nb1 69. g5 Nd2 70. g6 Nf3+ 71. Kf6 Nd2
72. g7 Ne4+ 73. Kg6 1-0

[Event "Superettan(Majorna-Solna)"]
[Site "?"]
[Date "2012.10.20"]
[Round "1"]
[White "Bengtsson, Tage"]
[Black "Bjarnehag, Peter"]
[Result "0-1"]
[WhiteElo "2104"]
[BlackElo "2201"]
[PlyCount "72"]

1. d4 c5 2. e4 cxd4 3. Nf3 Nc6 4. Nxd4 Nf6 5. Nc3 e5 6. Nb3 Bb4 7. Bc4 O-O 8.
Bg5 h6 9. Bxf6 Bxc3+ 10. bxc3 Qxf6 11. O-O d6 12. Qd3 Be6 13. Rfd1 Rfd8 14. Nd2
Rac8 15. Bxe6 Qxe6 16. Nf1 Ne7 17. Ne3 g6 18. g4 Rc5 19. Rab1 b6 20. a4 d5 21.
exd5 Nxd5 22. Rb5 Kh7 23. Nxd5 Qxg4+ 24. Kf1 Rdxd5 25. Qxd5 Rxd5 26. Rbxd5 Qh3+
27. Ke2 Qxc3 28. R1d2 Kg7 29. a5 bxa5 30. R5d3 Qc4 31. Kd1 a4 32. Kc1 Qa2 33.
Re2 Qa1+ 34. Kd2 a3 35. Re4 Qh1 36. Rxa3 Qxe4 0-1

[Event "Superettan(Majorna-Solna)"]
[Site "?"]
[Date "2012.10.20"]
[Round "1"]
[White "Johansson, Gunnar"]
[Black "Ruonala, Robert"]
[Result "1/2-1/2"]
[WhiteElo "2238"]
[BlackElo "2052"]
[PlyCount "80"]

1. d4 d5 2. c4 c6 3. Nf3 Nf6 4. e3 e6 5. Bd3 dxc4 6. Bxc4 b5 7. Bd3 Bb7 8. O-O
Nbd7 9. e4 a6 10. a4 Be7 11. Nbd2 bxa4 12. e5 Nd5 13. Ne4 O-O 14. Nfg5 h6 15.
Qh5 Qe8 16. Qh3 Bxg5 17. Bxg5 f5 18. exf6 N7xf6 19. Bxf6 Nxf6 20. Nd6 Qd7 21.
Nxb7 Qxb7 22. Qxe6+ Kh8 23. Rxa4 Qxb2 24. Qxc6 Rad8 25. Qc5 Qd2 26. Bxa6 Ne4
27. Qe7 Rde8 28. Qb4 Rxf2 29. Qxd2 Rxd2 30. Re1 Kg8 31. Bb7 Nd6 32. Rxe8+ Nxe8
33. Bf3 Kf8 34. Kf1 Ke7 35. Ke1 Rb2 36. Ra7+ Kf6 37. Rb7 Rxb7 38. Bxb7 Nd6 39.
Bf3 Nf5 40. d5 Ke5 1/2-1/2

[Event "Superettan(Majorna-Solna)"]
[Site "?"]
[Date "2012.10.20"]
[Round "1"]
[White "Linden, Leif"]
[Black "Dalmau, Jorgen"]
[Result "0-1"]
[WhiteElo "2036"]
[BlackElo "2140"]
[PlyCount "140"]

1. d4 Nf6 2. c4 g6 3. Nc3 Bg7 4. Nf3 d6 5. Bf4 O-O 6. e3 Nh5 7. Bg5 Nd7 8. Be2
f5 9. Nd2 Nhf6 10. Qc2 c5 11. O-O Ne8 12. dxc5 Nxc5 13. Nd5 Rf7 14. Rad1 Nc7
15. Bf3 N7e6 16. Bh4 g5 17. Bg3 f4 18. b4 fxg3 19. bxc5 gxh2+ 20. Kxh2 Nxc5 21.
Nb3 Be5+ 22. Kg1 Nxb3 23. axb3 e6 24. Nb4 Rb8 25. Qe4 Qa5 26. Nd3 Bf6 27. b4
Qc7 28. Bh5 Rg7 29. c5 d5 30. Qf3 Be5 31. e4 d4 32. b5 Bd7 33. b6 axb6 34. cxb6
Qd6 35. Rc1 Bb5 36. Nxe5 Qxe5 37. Rfd1 Bc6 38. Qe2 Rd8 39. Bf3 Qa5 40. Qc4 Qe5
41. g3 Rf7 42. Bg2 g4 43. Qc5 Qf6 44. Qh5 Kh8 45. Rd2 Qg7 46. Rc5 h6 47. Re5
Rf6 48. Qh4 Rd7 49. Rc5 Rf8 50. Qh5 Kh7 51. Re5 Rd6 52. Rc5 Rdd8 53. Re5 Rf6
54. Rc5 Qg6 55. Qh4 Rff8 56. Re5 Qf6 57. Qh5 d3 58. Rc5 Qa1+ 59. Kh2 Qg7 60.
Re5 Rf6 61. Rc5 Qg6 62. Qh4 Rdf8 63. Kg1 Bxe4 64. Rc7+ R6f7 65. Rxf7+ Rxf7 66.
Qd8 Bxg2 67. Kxg2 Qe4+ 68. Kh2 Kg7 69. Qd6 e5 70. Qd8 Qe1 0-1

[Event "Superettan(Sollentuna-Farsta)"]
[Site "?"]
[Date "2012.10.20"]
[Round "1"]
[White "von Bahr, Oskar"]
[Black "Ernst, Thomas"]
[Result "1/2-1/2"]
[WhiteElo "2355"]
[BlackElo "2533"]
[PlyCount "81"]
[EventDate "2012.??.??"]
[SourceDate "2012.10.31"]

1. c4 Nf6 2. g3 e6 3. Bg2 d5 4. Nf3 Be7 5. O-O O-O 6. b3 c5 7. Bb2 Nc6 8. e3 b6
9. Nc3 Ba6 10. d3 Rc8 11. Qe2 dxc4 12. dxc4 Qc7 13. Rfd1 Rfd8 14. h3 Rxd1+ 15.
Rxd1 Rd8 16. g4 Rxd1+ 17. Qxd1 Qd7 18. Qxd7 Nxd7 19. Kf1 Bb7 20. Nd2 a6 21. f4
h6 22. Bf3 Kf8 23. Ke2 g6 24. Nde4 f5 25. gxf5 gxf5 26. Nf2 Bf6 27. Nd3 Nd8 28.
Bxb7 Nxb7 29. Na4 Bxb2 30. Naxb2 Ke7 31. Nd1 Nd6 32. Nc3 Nf6 33. Na4 Nc8 34. b4
cxb4 35. Nxb4 a5 36. Nc6+ Kd6 37. Ne5 Ne4 38. Nf7+ Ke7 39. Ne5 Kd6 40. Nf7+ Ke7
41. Ne5 1/2-1/2

[Event "Superettan(Sollentuna-Farsta)"]
[Site "?"]
[Date "2012.10.20"]
[Round "1"]
[White "Vaarala, Eric"]
[Black "Ong, Kezli"]
[Result "1-0"]
[WhiteElo "2296"]
[BlackElo "2330"]
[PlyCount "36"]
[EventDate "2012.??.??"]

1. c4 e5 2. Nc3 Nf6 3. Nf3 Nc6 4. d4 exd4 5. Nxd4 Bb4 6. g3 d5 7. Bg2 O-O 8.
O-O Nxd4 9. Qxd4 c5 10. Qh4 dxc4 11. Rd1 Qa5 12. Ne4 Ng4 13. h3 Ne5 14. Nf6+
gxf6 15. Qxf6 Qb6 16. Rd6 Qxd6 17. Qxd6 f6 18. Bd5+ Rf7 1-0

[Event "Superettan(Sollentuna-Farsta)"]
[Site "?"]
[Date "2012.10.20"]
[Round "1"]
[White "Livner, Anders"]
[Black "Poley, Vladimir"]
[Result "1-0"]
[WhiteElo "2395"]
[BlackElo "2439"]
[PlyCount "137"]
[EventDate "2012.??.??"]

1. d4 e6 2. Nf3 f5 3. g3 b6 4. Bg2 Bb7 5. O-O Nf6 6. c4 Na6 7. d5 exd5 8. Nh4
g6 9. Nc3 Nc5 10. cxd5 Bg7 11. d6 c6 12. Be3 Ne6 13. Qc1 Ng4 14. Bd2 Be5 15. e4
O-O 16. exf5 gxf5 17. h3 Nxf2 18. Kxf2 f4 19. Kg1 Ba6 20. Re1 Bd4+ 21. Kh1 fxg3
22. Re4 Bg7 23. Rg4 h5 24. Rxg7+ Nxg7 25. Bg5 Qe8 26. Be7 Rf2 27. Ne4 Qf7 28.
Qh6 Bf1 29. Nf6+ Rxf6 30. Bxf6 Bxg2+ 31. Nxg2 Rf8 32. Rf1 Re8 33. Rf3 Re6 34.
Qxg7+ Qxg7 35. Bxg7 Kxg7 36. Rxg3+ Kf6 37. Rf3+ Kg5 38. Rd3 Re2 39. Ra3 a5 40.
Rb3 b5 41. Kg1 Rd2 42. Kf1 Rxd6 43. Ke2 Rd4 44. Ne1 Re4+ 45. Kf2 b4 46. Rg3+
Kf5 47. Rf3+ Ke5 48. Re3 d5 49. Kf3 c5 50. Rxe4+ dxe4+ 51. Ke3 c4 52. Nc2 Kd5
53. b3 cxb3 54. axb3 Kc5 55. Nd4 Kd5 56. Ne2 a4 57. bxa4 b3 58. Kd2 Kc4 59. a5
e3+ 60. Kc1 Kd3 61. a6 Kxe2 62. a7 Kf2 63. a8=Q e2 64. Qf8+ Kg2 65. Kd2 b2 66.
Qf5 h4 67. Kxe2 b1=Q 68. Qxb1 Kxh3 69. Kf3 1-0

[Event "Superettan(Sollentuna-Farsta)"]
[Site "?"]
[Date "2012.10.20"]
[Round "1"]
[White "Jansson Owen, Anders"]
[Black "Hjelm, Niclas"]
[Result "0-1"]
[WhiteElo "2210"]
[BlackElo "2377"]
[PlyCount "58"]
[EventDate "2012.??.??"]

1. Nf3 Nf6 2. c4 c6 3. Nc3 d5 4. d4 dxc4 5. a4 e6 6. e3 c5 7. Bxc4 Nc6 8. O-O
cxd4 9. exd4 Be7 10. Bg5 O-O 11. Re1 Bd7 12. Qe2 Nb4 13. Ne5 Be8 14. Rad1 Nfd5
15. Bxe7 Nxe7 16. Bb3 Rc8 17. Ne4 Ned5 18. Nc4 Rc7 19. Ned6 Bc6 20. Ne4 Nf6 21.
Nc3 Nbd5 22. Ne5 Qd6 23. Nxc6 Rxc6 24. Bxd5 Nxd5 25. Ne4 Qb4 26. Nc5 Rfc8 27.
Qg4 Rxc5 28. Rxe6 Rc1 29. Re5 Qd2 0-1

[Event "Superettan(Sollentuna-Farsta)"]
[Site "?"]
[Date "2012.10.20"]
[Round "1"]
[White "Lissang, Christopher"]
[Black "Kassani, Sam"]
[Result "1/2-1/2"]
[WhiteElo "2311"]
[BlackElo "2223"]
[PlyCount "110"]
[EventDate "2012.??.??"]

1. d4 d5 2. Nf3 Nf6 3. c4 c6 4. Qc2 a6 5. c5 g6 6. Bf4 Bg7 7. e3 Bf5 8. Qb3 Ra7
9. Nc3 O-O 10. Be2 Nbd7 11. h3 Ne4 12. Bh2 e5 13. O-O exd4 14. exd4 Re8 15.
Rfe1 b6 16. cxb6 Qxb6 17. Qxb6 Nxb6 18. Bf1 h5 19. Be5 f6 20. Bh2 g5 21. Nd2
Bg6 22. Ncxe4 dxe4 23. Rac1 Re6 24. Nb3 Nd5 25. Na5 Be8 26. g4 hxg4 27. hxg4
Kh8 28. Nc4 Bf8 29. Ne3 Nxe3 30. fxe3 Bd6 31. Bxd6 Rxd6 32. Re2 Bd7 33. Rh2+
Kg7 34. Be2 Be6 35. Kf2 Rb7 36. b3 Bg8 37. Rc5 Bd5 38. Ke1 Rd8 39. Ra5 Rb6 40.
Kd2 Be6 41. Rc5 Ra8 42. Rh1 a5 43. Rhc1 a4 44. Rxc6 Rxc6 45. Rxc6 axb3 46. axb3
Bxb3 47. Ra6 Rc8 48. Ra3 Rc2+ 49. Ke1 Rb2 50. Ra7+ Kg6 51. Rb7 Rb1+ 52. Kf2 Bc2
53. Rxb1 Bxb1 54. Bb5 Kf7 55. Bd7 Ke7 1/2-1/2

[Event "Superettan(Sollentuna-Farsta)"]
[Site "?"]
[Date "2012.10.20"]
[Round "1"]
[White "Jakenberg, Jussi"]
[Black "Lundin, Jan"]
[Result "0-1"]
[WhiteElo "2131"]
[BlackElo "2297"]
[PlyCount "112"]
[EventDate "2012.??.??"]

1. e4 c6 2. d4 d5 3. e5 Bf5 4. Nf3 e6 5. Be2 c5 6. Be3 cxd4 7. Nxd4 Ne7 8. O-O
Nbc6 9. Bb5 a6 10. Bxc6+ Nxc6 11. Nxf5 exf5 12. c3 Be7 13. Bf4 Qd7 14. Re1 O-O
15. Nd2 Nd8 16. Nf3 Ne6 17. Be3 f4 18. Bd4 Rac8 19. a4 Rc6 20. a5 Rfc8 21. Qe2
Bd8 22. Red1 Rc4 23. h3 Qb5 24. Bb6 Bxb6 25. axb6 Rb4 26. Rd2 Qxe2 27. Rxe2
Rxb6 28. Rd1 Rc5 29. Red2 Kf8 30. Ne1 a5 31. Nd3 Rcb5 32. Kf1 g5 33. Ke2 Nc5
34. Nxc5 Rxc5 35. b4 axb4 36. cxb4 Rxb4 37. Rxd5 Re4+ 38. Kf3 Rxe5 39. Rd8+ Re8
40. R8d7 Re7 41. Rd8+ Kg7 42. Rb8 Rb5 43. Rdd8 Kf6 44. g4 fxg3 45. Kxg3 h5 46.
Rh8 Rb3+ 47. Kg2 h4 48. Rh6+ Kf5 49. Rd8 f6 50. Rd5+ Re5 51. Rd6 Re6 52. Rd5+
Kf4 53. Rd4+ Ke5 54. Rg4 Rc6 55. f4+ Kf5 56. fxg5 Rc2+ 0-1

[Event "Superettan(Sollentuna-Farsta)"]
[Site "?"]
[Date "2012.10.20"]
[Round "1"]
[White "Lindeman, Sven"]
[Black "Walinder, Lars"]
[Result "0-1"]
[WhiteElo "2230"]
[BlackElo "2174"]
[PlyCount "76"]
[EventDate "2012.??.??"]

1. e4 c5 2. Nf3 d6 3. d4 cxd4 4. Nxd4 Nf6 5. Nc3 a6 6. Bc4 e6 7. Bb3 b5 8. Bg5
Be7 9. Qf3 Qc7 10. O-O-O Nbd7 11. Bxf6 Nxf6 12. g4 O-O 13. g5 Nd7 14. Qh5 Nc5
15. Rhe1 b4 16. Nb1 Bd7 17. Re3 Rac8 18. Rh3 h6 19. gxh6 g6 20. Rg3 Kh7 21. Qe2
a5 22. c4 e5 23. Nf5 gxf5 24. Qh5 Nxe4 25. Rg7+ Kh8 26. Rdg1 Be6 27. h7 Bg5+
28. R1xg5 Nxg5 29. Rg8+ Rxg8 30. hxg8=Q+ Kxg8 31. Qxg5+ Kf8 32. Qh6+ Ke7 33.
Qg5+ Kf8 34. Qh6+ Ke7 35. Qg5+ f6 36. Qg7+ Bf7 37. c5 Qxc5+ 38. Nc3 d5 0-1

[Event "Superettan(Sollentuna-Farsta)"]
[Site "?"]
[Date "2012.10.20"]
[Round "1"]
[White "Bostrom, Gabriel"]
[Black "Jaderberg, Bjorn"]
[Result "0-1"]
[WhiteElo "2065"]
[BlackElo "2184"]
[PlyCount "104"]
[EventDate "2012.??.??"]

1. e4 g6 2. d4 Bg7 3. Nc3 a6 4. f4 d5 5. Nxd5 e6 6. Ne3 Qxd4 7. Bd3 Nc6 8. c3
Qc5 9. Nc4 Nf6 10. Be3 Qe7 11. Nf3 Ng4 12. Bd2 h5 13. h3 Nf6 14. Qe2 h4 15. Qf2
Nd7 16. O-O b5 17. Ne3 Bb7 18. Rfe1 Rd8 19. Bc2 Nb6 20. Rad1 Rh5 21. Ng4 Kf8
22. Be3 Nc4 23. Bc1 Kg8 24. e5 Nb8 25. b3 Nb6 26. Ba3 Qe8 27. Nxh4 Nd5 28. c4
bxc4 29. bxc4 Nb6 30. Rxd8 Qxd8 31. Rd1 N8d7 32. Nf3 Nxc4 33. Bb4 Bd5 34. Qa7
Qc8 35. Nd4 c5 36. Ba4 Ndb6 37. Bxc5 Qxc5 38. Qxa6 Nb2 39. Qb5 Qxb5 40. Nxb5
N2xa4 41. Nc7 g5 42. Ne8 Nd7 43. f5 Rh4 44. Rxd5 exd5 45. e6 fxe6 46. fxe6 Ndc5
47. e7 Bd4+ 48. Kh2 Kf7 49. Nd6+ Kxe7 50. Nf5+ Kf7 51. Nxd4 Rh8 52. Ne3 Nc3 0-1

[Event "Superettan(Kamraterna-Solna)"]
[Site "?"]
[Date "2012.10.21"]
[Round "2"]
[White "Lundvik, Jonas"]
[Black "Andreasson, Ingvar"]
[Result "0-1"]
[WhiteElo "2272"]
[BlackElo "2402"]
[PlyCount "64"]
[EventDate "2012.??.??"]

1. d4 e6 2. e4 d5 3. Nc3 Bb4 4. exd5 exd5 5. Bd3 Ne7 6. Nf3 Bg4 7. h3 Bh5 8.
Be3 Nbc6 9. a3 Bxc3+ 10. bxc3 Bg6 11. Ne5 Nxe5 12. dxe5 Nc6 13. f4 Qh4+ 14. Kd2
Bxd3 15. cxd3 O-O 16. Qg4 Qe7 17. Rhb1 b6 18. d4 f5 19. exf6 Qxf6 20. Rb5 Na5
21. Rxd5 Nb3+ 22. Kc2 Nxa1+ 23. Kb2 Qf7 24. c4 Rad8 25. Rg5 Nc2 26. Kxc2 Qxc4+
27. Kd2 Rf7 28. Rh5 Qa2+ 29. Kd1 Qb3+ 30. Kd2 Qb2+ 31. Kd1 Qxa3 32. Rxh7 Qd3+
0-1

[Event "Superettan(Kamraterna-Solna)"]
[Site "?"]
[Date "2012.10.21"]
[Round "2"]
[White "Svensson, Bengt"]
[Black "Jonsson, Mikael"]
[Result "1/2-1/2"]
[WhiteElo "2459"]
[BlackElo "2367"]
[PlyCount "63"]
[EventDate "2012.??.??"]

1. e4 e5 2. Nf3 Nc6 3. Bb5 a6 4. Ba4 Nf6 5. O-O Be7 6. Re1 b5 7. Bb3 O-O 8. c3
d5 9. exd5 Nxd5 10. Nxe5 Nxe5 11. Rxe5 c6 12. d4 Bd6 13. Re1 Qh4 14. g3 Qh3 15.
Re4 g5 16. Qf1 Qxf1+ 17. Kxf1 Bh3+ 18. Kg1 Rae8 19. Rxe8 Rxe8 20. Bd2 Nb6 21.
Na3 Re2 22. Bxg5 a5 23. Bd8 a4 24. Bxb6 axb3 25. axb3 Rxb2 26. b4 Be6 27. Bc5
Bxc5 28. dxc5 Rb3 29. Nb1 Rb2 30. Na3 Rb3 31. Nb1 Rb2 32. Na3 1/2-1/2

[Event "Superettan(Kamraterna-Solna)"]
[Site "?"]
[Date "2012.10.21"]
[Round "2"]
[White "Lindborg, Petter"]
[Black "Hamark, Jesper"]
[Result "0-1"]
[WhiteElo "2254"]
[BlackElo "2387"]
[PlyCount "79"]
[EventDate "2012.??.??"]

1. d4 d5 2. c4 e6 3. Nc3 Nf6 4. cxd5 Nxd5 5. e4 Nxc3 6. bxc3 c5 7. a3 Be7 8.
Nf3 O-O 9. Bd3 Nc6 10. Bb2 cxd4 11. cxd4 Qa5+ 12. Kf1 b6 13. Qe2 Nb8 14. Ne5
Ba6 15. Nc4 Qa4 16. d5 exd5 17. exd5 Nd7 18. Ne3 Bxd3 19. Qxd3 Nc5 20. Qe2 Bg5
21. Qg4 Qxg4 22. Nxg4 Nd3 23. h4 Be7 24. Bd4 Rfd8 25. Ne3 Nf4 26. Nf5 Bf8 27.
d6 g6 28. Be5 gxf5 29. Bxf4 Bxd6 30. Bg5 Be5 31. Bxd8 Bxa1 32. Bg5 f6 33. Bf4
Re8 34. Rh3 Kf7 35. Rd3 Be5 36. Bd2 Ke6 37. Ke2 Rc8 38. Kd1 Rc4 39. g3 Bd4 40.
Be3 0-1

[Event "Superettan(Kamraterna-Solna)"]
[Site "?"]
[Date "2012.10.21"]
[Round "2"]
[White "Svenn, Gosta"]
[Black "Karlsson, Tomas"]
[Result "0-1"]
[WhiteElo "2340"]
[BlackElo "2284"]
[PlyCount "70"]
[EventDate "2012.??.??"]

1. e4 e6 2. d3 d5 3. Nd2 c5 4. Ngf3 Nc6 5. g3 Bd6 6. Bg2 Nge7 7. O-O O-O 8. Re1
Qc7 9. a3 Bd7 10. c3 d4 11. Nc4 e5 12. a4 Rab8 13. Nh4 Be6 14. Nxd6 Qxd6 15. c4
a6 16. f4 f6 17. Bf3 b5 18. axb5 axb5 19. b3 bxc4 20. bxc4 Ra8 21. Rxa8 Rxa8
22. Bg4 Nb4 23. fxe5 fxe5 24. Nf5 Nxf5 25. exf5 Bd7 26. Bf3 Ra2 27. Be4 Bc6 28.
Qf3 Bxe4 29. Rxe4 Qc6 30. Bg5 h6 31. Bh4 Qb7 32. Qh5 Qf7 33. Qf3 Ra3 34. Rxe5
Nxd3 35. g4 Ra1+ 0-1

[Event "Superettan(Kamraterna-Solna)"]
[Site "?"]
[Date "2012.10.21"]
[Round "2"]
[White "Bjarnehag, Peter"]
[Black "Mohammadi, Amir"]
[Result "1/2-1/2"]
[WhiteElo "2201"]
[BlackElo "2300"]
[PlyCount "45"]
[EventDate "2012.??.??"]

1. c4 f5 2. g3 Nf6 3. Bg2 e6 4. d4 d5 5. Nh3 c6 6. Qc2 Bd6 7. O-O O-O 8. Bf4 b6
9. Nd2 Qe7 10. Rac1 Ba6 11. Rfe1 Ne4 12. Bxd6 Nxd6 13. b3 Bb7 14. Nf4 Nd7 15.
Nd3 Rac8 16. Qb2 Ne4 17. f3 Nxd2 18. Qxd2 c5 19. dxc5 dxc4 20. Rxc4 Nxc5 21.
Nxc5 Rxc5 22. Rec1 Rd8 23. Qb4 1/2-1/2

[Event "Superettan(Kamraterna-Solna)"]
[Site "?"]
[Date "2012.10.21"]
[Round "2"]
[White "Andersson, Johan"]
[Black "Landgren, Andreas"]
[Result "1/2-1/2"]
[WhiteElo "2171"]
[BlackElo "2266"]
[PlyCount "104"]
[EventDate "2012.??.??"]

1. e4 c5 2. Nf3 d6 3. d4 cxd4 4. Qxd4 Nc6 5. Bb5 Bd7 6. Bxc6 Bxc6 7. Nc3 Nf6 8.
Bg5 e6 9. O-O-O Be7 10. Rhe1 Qa5 11. Kb1 O-O 12. Qd2 Qb6 13. Nd4 Rad8 14. f3 a6
15. g4 Qc7 16. Nce2 Rfe8 17. Ng3 Kh8 18. h4 Ng8 19. Bxe7 Nxe7 20. h5 Ng8 21. g5
g6 22. Qc3 e5 23. Nxc6 Qxc6 24. Qxc6 bxc6 25. c4 Kg7 26. h6+ Kf8 27. Re3 Ke7
28. Ra3 Ra8 29. Ra5 Red8 30. Nf1 f6 31. gxf6+ Nxf6 32. Ne3 Nd7 33. b4 Rf8 34.
Rd3 Ke6 35. c5 dxc5 36. bxc5 Rxf3 37. Rd6+ Ke7 38. Nc4 Rb8+ 39. Kc2 Rf2+ 40.
Kd3 Rb5 41. Rxc6 Rxa5 42. Nxa5 Rxa2 43. Nc4 Rh2 44. Nd6 Nxc5+ 45. Kc4 Nd7 46.
Rxa6 Rxh6 47. Nf5+ gxf5 48. Rxh6 fxe4 49. Rxh7+ Ke6 50. Rh5 Nf6 51. Rg5 Nh7 52.
Rh5 Nf6 1/2-1/2

[Event "Superettan(Kamraterna-Solna)"]
[Site "?"]
[Date "2012.10.21"]
[Round "2"]
[White "Dalmau, Jorgen"]
[Black "Svenn, Matti"]
[Result "0-1"]
[WhiteElo "2140"]
[BlackElo "2236"]
[PlyCount "98"]
[EventDate "2012.??.??"]

1. e4 c5 2. Nf3 d6 3. d4 cxd4 4. Nxd4 Nf6 5. Nc3 a6 6. Be3 e5 7. Nb3 Be7 8. f3
Be6 9. Qd2 Nbd7 10. O-O-O b5 11. g4 b4 12. Nd5 Bxd5 13. exd5 a5 14. Kb1 O-O 15.
Bb5 Nb6 16. Bc6 Nc4 17. Qe2 Nxe3 18. Qxe3 Ra6 19. Rhe1 Nd7 20. f4 Bh4 21. Re2
exf4 22. Qxf4 Ne5 23. Nd4 Bf6 24. Rg2 Ng6 25. Qf1 Qb6 26. Nf5 Be5 27. h4 Ra7
28. h5 Ne7 29. h6 g6 30. Nxe7+ Rxe7 31. Re2 f6 32. Qh3 Qc5 33. Qd3 Rb8 34. Rf1
Ra7 35. Rfe1 a4 36. g5 f5 37. Qe3 Qa5 38. Qf2 Qc7 39. Re3 a3 40. b3 Qb6 41. Qd2
Re7 42. Qd1 Rf8 43. c3 bxc3 44. Rxc3 Bxc3 45. Rxe7 Be5 46. Kc2 Qc5+ 47. Kd3
Qd4+ 48. Ke2 Qg4+ 49. Kd2 Qxg5+ 0-1

[Event "Superettan(Kamraterna-Solna)"]
[Site "?"]
[Date "2012.10.21"]
[Round "2"]
[White "Martensson, Ulf"]
[Black "Johansson, Gunnar"]
[Result "0-1"]
[WhiteElo "2137"]
[BlackElo "2238"]
[PlyCount "118"]
[EventDate "2012.??.??"]

1. d4 d5 2. c4 c6 3. cxd5 cxd5 4. Nf3 Nf6 5. Nc3 Nc6 6. Bf4 a6 7. Rc1 e6 8. a3
Bd6 9. Bxd6 Qxd6 10. e3 O-O 11. Bd3 b6 12. O-O Bb7 13. Qc2 Rac8 14. Qb1 g6 15.
Na4 Nd7 16. b4 e5 17. dxe5 Ncxe5 18. Nd4 Ng4 19. g3 Qe5 20. Nf3 Qh5 21. h4 b5
22. Nb2 d4 23. Rxc8 Rxc8 24. Be4 Bxe4 25. Qxe4 dxe3 26. fxe3 Ngf6 27. Qd4 Re8
28. Nd2 Qe2 29. Rf2 Qxe3 30. Qxe3 Rxe3 31. Rf3 Re2 32. Rf2 Re6 33. a4 Ng4 34.
Rf4 Re1+ 35. Nf1 Ne3 36. axb5 axb5 37. Rf3 Nxf1 38. Rxf1 Re3 39. Kg2 Rb3 40.
Rf2 Rxb4 41. Nd3 Rd4 42. Nf4 b4 43. Rb2 Nc5 44. Ne2 Re4 45. Kf3 f5 46. Nf4 Kf7
47. Nd5 b3 48. Nc3 Rc4 49. Ne2 Ke6 50. Ke3 Re4+ 51. Kf3 Kd5 52. Nc3+ Kc4 53.
Nxe4 fxe4+ 54. Ke3 Kc3 55. Rb1 b2 56. Rh1 Kc2 57. Rh2+ Kb3 58. Rh1 Ka2 59. Rh2
Ka1 0-1

[Event "Superettan(Majorna-Stockholms SS)"]
[Site "?"]
[Date "2012.10.21"]
[Round "2"]
[White "Uddenfeldt, Dan"]
[Black "Enstrom, Henrik"]
[Result "1-0"]
[WhiteElo "2421"]
[BlackElo "2229"]
[PlyCount "63"]
[EventDate "2012.??.??"]

1. d4 d6 2. c4 e5 3. Nf3 e4 4. Nfd2 f5 5. e3 Nf6 6. Nc3 g6 7. b4 Bg7 8. Be2 O-O
9. Qb3 Be6 10. Ba3 c6 11. b5 Qc7 12. bxc6 bxc6 13. Rc1 Nbd7 14. O-O Rfb8 15.
Qa4 Bf7 16. d5 Ne5 17. dxc6 a6 18. Nb3 Bf8 19. Na5 Rc8 20. Nd5 Nxd5 21. cxd5
Bxd5 22. Rfd1 Qf7 23. Qd4 Bxa2 24. Bxd6 Bxd6 25. Qxd6 Nd3 26. Bxd3 exd3 27.
Rxd3 Rc7 28. Rcd1 Be6 29. Qe5 Rf8 30. Rd8 Qe7 31. R8d7 Rxd7 32. cxd7 1-0

[Event "Superettan(Majorna-Stockholms SS)"]
[Site "?"]
[Date "2012.10.21"]
[Round "2"]
[White "Kall, Anders"]
[Black "Couso, Luis"]
[Result "1-0"]
[WhiteElo "2169"]
[BlackElo "2293"]
[PlyCount "57"]
[EventDate "2012.??.??"]

1. e4 e6 2. Qe2 e5 3. Nf3 Nc6 4. c3 Nf6 5. d4 d6 6. h3 Be7 7. Bg5 O-O 8. Nbd2
exd4 9. Nxd4 Re8 10. Nxc6 bxc6 11. f3 Nh5 12. Bxe7 Qxe7 13. Qf2 d5 14. Be2 Nf4
15. O-O-O Qg5 16. Bf1 dxe4 17. Re1 Be6 18. Rxe4 Bxa2 19. Qxa7 Bd5 20. Rxe8+
Rxe8 21. c4 Re1+ 22. Kc2 Qf5+ 23. Kb3 g6 24. cxd5 Qxd5+ 25. Kc2 Ne6 26. Bc4
Qf5+ 27. Bd3 Qe5 28. Rxe1 Qxe1 29. Bc4 1-0

[Event "Superettan(Majorna-Stockholms SS)"]
[Site "?"]
[Date "2012.10.21"]
[Round "2"]
[White "Bergstrom, Rolf"]
[Black "Strom, Leif"]
[Result "1-0"]
[WhiteElo "2313"]
[BlackElo "2166"]
[PlyCount "120"]
[EventDate "2012.??.??"]

1. e4 c5 2. Nf3 Nc6 3. Bb5 g6 4. Bxc6 bxc6 5. O-O Bg7 6. Re1 e5 7. c3 Ne7 8. d4
cxd4 9. cxd4 exd4 10. Nxd4 Qb6 11. Nb3 Qc7 12. Nc3 O-O 13. Bg5 d6 14. Qd2 Be6
15. Nd4 Nc8 16. Rac1 Qb6 17. Be3 c5 18. Nxe6 fxe6 19. b3 Rb8 20. Na4 Qb4 21.
Qc2 Rb7 22. Nxc5 Rc7 23. Nd3 Qxe1+ 24. Nxe1 Rxc2 25. Rxc2 d5 26. exd5 exd5 27.
Nf3 Nb6 28. Kf1 Rc8 29. Rxc8+ Nxc8 30. Ke2 Kf8 31. Ng5 h5 32. Bc5+ Ke8 33. Ne6
Be5 34. g3 Bb8 35. Kd3 Kd7 36. Nf8+ Kc6 37. Be3 Ne7 38. Bg5 Nf5 39. Nxg6 Bd6
40. Nh4 Ng7 41. Be3 a6 42. Nf3 Bc5 43. Bxc5 Kxc5 44. Nd4 a5 45. f3 Ne8 46. a3
Kd6 47. h3 Nf6 48. Ke3 Kc5 49. Kd3 Kd6 50. g4 a4 51. bxa4 hxg4 52. hxg4 Nd7 53.
a5 Nc5+ 54. Ke3 Ke5 55. f4+ Kd6 56. g5 Na6 57. f5 Ke7 58. Nc6+ Kf7 59. Nb4 Nc7
60. Kd4 Kg7 1-0

[Event "Superettan(Majorna-Stockholms SS)"]
[Site "?"]
[Date "2012.10.21"]
[Round "2"]
[White "Panas, Itai"]
[Black "Hammar, Bengt"]
[Result "1/2-1/2"]
[WhiteElo "2125"]
[BlackElo "2241"]
[PlyCount "53"]
[EventDate "2012.??.??"]

1. c4 Nf6 2. Nf3 g6 3. g3 Bg7 4. Bg2 O-O 5. O-O d6 6. d4 Nbd7 7. Qc2 e5 8. Nc3
c6 9. Rd1 Re8 10. dxe5 dxe5 11. Ng5 Qc7 12. Nge4 Bf8 13. Bg5 Nxe4 14. Nxe4 f5
15. Rxd7 Bxd7 16. Nf6+ Kh8 17. Nxe8 Rxe8 18. Rd1 Bg7 19. Qd2 Be6 20. b3 Qf7 21.
Bd8 Rf8 22. Ba5 Kg8 23. Bb4 Re8 24. Bc3 Qc7 25. Ba5 Qf7 26. Bc3 Qc7 27. Ba5
1/2-1/2

[Event "Superettan(Majorna-Stockholms SS)"]
[Site "?"]
[Date "2012.10.21"]
[Round "2"]
[White "Henriksson, Johan"]
[Black "Fors, Klas"]
[Result "1/2-1/2"]
[WhiteElo "2311"]
[BlackElo "2121"]
[PlyCount "60"]
[EventDate "2012.??.??"]

1. d4 Nf6 2. Nf3 c5 3. c4 g6 4. g3 Bg7 5. Bg2 O-O 6. O-O cxd4 7. Nxd4 Nc6 8.
Nc3 Nxd4 9. Qxd4 d6 10. Qd2 Rb8 11. b3 a6 12. Bb2 b5 13. cxb5 axb5 14. Nd5 Nxd5
15. Bxg7 Kxg7 16. Bxd5 Qb6 17. a4 bxa4 18. bxa4 Ba6 19. a5 Qb2 20. Qxb2+ Rxb2
21. Rfb1 Rfb8 22. Rxb2 Rxb2 23. e3 Kf6 24. Bg2 Ke6 25. Bf1 Bxf1 26. Kxf1 Rb7
27. a6 Ra7 28. g4 Kd5 29. Ke2 Kc6 30. Rc1+ Kd7 1/2-1/2

[Event "Superettan(Majorna-Stockholms SS)"]
[Site "?"]
[Date "2012.10.21"]
[Round "2"]
[White "Bengtsson, Tage"]
[Black "Braathen, Tom"]
[Result "1-0"]
[WhiteElo "2104"]
[BlackElo "2143"]
[PlyCount "85"]
[EventDate "2012.??.??"]

1. d4 Nf6 2. c4 c5 3. d5 b5 4. cxb5 a6 5. bxa6 g6 6. Nc3 Bxa6 7. e4 Bxf1 8.
Kxf1 d6 9. Nge2 Bg7 10. Rb1 Na6 11. f3 O-O 12. Kf2 e6 13. Re1 exd5 14. exd5 Re8
15. Bf4 Nh5 16. Bg3 Nxg3 17. hxg3 Nc7 18. Qd3 Rb8 19. b3 Rb4 20. a3 Rb8 21. b4
cxb4 22. Rxb4 Rxb4 23. axb4 Qb8 24. Qc4 Qb6+ 25. Kf1 Na6 26. Rb1 Nb8 27. Rd1
Qb7 28. Nb5 Qa6 29. Rc1 Bh6 30. Nc7 Qxc4 31. Rxc4 Rc8 32. b5 Nd7 33. Rc6 Ne5
34. b6 Be3 35. b7 Rb8 36. Ne6 Nxc6 37. dxc6 Bb6 38. N6f4 Kf8 39. Nd5 Ba5 40.
Nd4 Ke8 41. Nb5 Kf8 42. Nb4 Ke7 43. Na6 1-0